000 00479cam a2200205ua 4500
001 7645
008 141218n ii |||gr||||Z||||||asm
020 _a9789382283652
040 _cMAIN
041 _aasm
082 _a323
100 _aMajinder, T.,
_eAuthor.
245 1 _aHuman rights
_cBy Thanuram Majinder
250 _a1st.
260 _aDibrugarh:
_bKaustabh,
_c2014.
300 _a142p.
653 _aCivil & political rights
653 _aHuman rights
942 _cBK
999 _c6767
_d6767